000 00512cam a2200205u 4500
001 7885182
003 OSt
005 20251008165451.0
008 830623s1947 at a 000 0 eng
020 _a0174443161
040 _cMUST
050 0 0 _a684.08
082 _a671 LYE 1971
100 1 _aLye P F
_98782
245 0 0 _aWoodwork in theory Metric Edtion Book 4
260 _aUnited Kingdom
_bNelson Thornes Ltd
_c1984
300 _a76 p.
_billus.
_c22 cm.
650 0 _aWoodwork
_98783
942 _2ddc
_cO_SHELF
999 _c9554
_d9554